| 000 | 00655nam a2200217Ia 4500 | ||
|---|---|---|---|
| 005 | 20230502135909.0 | ||
| 008 | 131103s9999 xx 000 0 und d | ||
| 020 |
_a8176291064 _cRs.150.00 |
||
| 040 | _aLoreto College | ||
| 041 | _aEnglish | ||
| 082 |
_a658.022 _bBAT |
||
| 245 |
_aEntrepreneurship and small scale industries _b New potentials _cEdited by G.S.Batra and R.C.Dangwal |
||
| 260 |
_aNew Delhi _bDeep & Deep Publications _c2003 |
||
| 300 | _axii,204p | ||
| 504 | _aIncludes bibliographical references and index | ||
| 650 | _aEntrepreneurship | ||
| 651 | _asmall business | ||
| 700 | _aBatra,G.S.,ed | ||
| 850 | _aLCLIB | ||
| 942 | _cBK | ||
| 999 |
_c36263 _d86742 |
||